Проект ноты НКИД СССР о невозможности территориальных уступок в пользу Германии в отношении части территории Литвы, вошедшей в с...

RUSMARC
00005521cbm0a2200361#x 450
0019d603aaf-7e56-4e61-af96-b9ea97c8a0e2
00520210331121654.0
100##$a20210329j19400812k###0rusy50 ca
1010#$arus
102##$aRU
105##$ay###z########
1220#$ad19400812##
2001#$aПроект ноты НКИД СССР о невозможности территориальных уступок в пользу Германии в отношении части территории Литвы, вошедшей в состав СССР
$j12 августа 1940 г.
251##$cДокумент
300##$aЧерновик
300##$aОпубликовано: "Вестник архива Президента Российской Федерации. СССР - Германия. 1932-1941". Москва, 2019. С. 409-410
461#0$12001
$aФ. 3
$1251
$cФонд
$1852
$j3
462#0$12001
$aОп. 64
$1251
$cОпись
$1852
$j64
462#0$12001
$aД. 674
$vЛ. 131-132
$1251
$cДело
$1852
$j674
605##$2prlib_sh
$3LIBNET\UAF\0000088514
$aВторая мировая война в архивных документах (Комплекс оцифрованных архивных документов, кино- и фотоматериалов)
$lколлекция
6061#$2prlib_sh
$3LIBNET\UAF\0000094165
$aГраницы государственные
$xДемаркация
$yСССР
$z1939
$jДокументы и материалы
6061#$2prlib_sh
$3LIBNET\UAF\0000094166
$aГраницы государственные
$xДемаркация
$yГермания
$z1939
$jДокументы и материалы
607##$2nlr_sh
$3RU\NLR\AUTH\661071277
$aПрибалтийские Республики
$xПрисоединение к СССР
$z1939 - 1940
$jДокументы и материалы
617##$aСССР
$f1940
$2prlib_sh
617##$aГермания
$f1940
$2prlib_sh
686##$a63.3(4Гем)62-6ю11
$vLBC/M
$2rubbk
686##$a63.3(2)621-6ю11
$vLBC/M
$2rubbk
801#0$aRU
$bПБ им. Б.Н. Ельцина
$c20210329
801#1$aRU
$bПБ им. Б.Н. Ельцина
$c20210329
$2rusmarc
801#2$aRU
$bПБ им. Б.Н. Ельцина
$c20210331
$2rusmarc
850##$aРоссийский государственный архив новейшей истории
852##$aРГАНИ
$jЛ. 131-132
8564#$nПБ им. Б.Н. Ельцина
$uhttp://readingroom.main.prlib.ru/item.aspx?id_node=n160151752&mode=full
035##$aLIBNET\0001140867
937##$d160151752
$hФедеральное архивное агентство
Формат отображения